| 000 | 00444nam a22001337a 4500 | ||
|---|---|---|---|
| 082 |
_a628.1 _bPAT _cN-02,P-100 |
||
| 100 |
_aPatel, A S _951806 |
||
| 245 |
_aWater management _bConservation, harvesting and Artificial recharge _c[by] A S Patel [and] D L Shah. |
||
| 260 |
_aBanglore, _bNew Age International, _c2017. |
||
| 300 | _axii,331p. | ||
| 526 |
_a0 _b0 _c0 _d628_100000000000000_PAT |
||
| 650 |
_aWater Management _951807 |
||
| 942 |
_2ddc _cBK |
||
| 999 |
_c554355 _d554355 |
||